| 000 | 00814nam a2200253 a 4500 | ||
|---|---|---|---|
| 005 | 20191224041537.0 | ||
| 008 | 140221b1974 -CNa fr|||| 00| 0 eng d | ||
| 040 |
_aCO-BoIAVH _cCO-BoIAVH |
||
| 041 | _aeng | ||
| 044 | _acn | ||
| 082 |
_a595.77 _bD73t |
||
| 090 |
_aLB _b00631 |
||
| 100 | 1 |
_aDouglas Munroe, Donald _98574 |
|
| 245 | 1 | _aSystematics, phylogeny and zoogeography of Simmerus Walker and Australosymmerus Freeman (Diptera: Mycetophilidae : Ditomyiinae) | |
| 260 |
_aOttawa _bEntomological Society of Canada _c1974 |
||
| 300 |
_a183 paginas.: _bilustraciones; _c25 x 17 cm |
||
| 650 | 6 |
_aSistemática _93510 |
|
| 650 | 4 |
_aFilogenia _948063 |
|
| 650 | 4 |
_aZoogeografía _948064 |
|
| 650 | 4 |
_aDiptera _96884 |
|
| 650 | 4 |
_aClaves taxonómicas _93514 |
|
| 700 | 1 |
_aVickery, V. R. _98577 |
|
| 942 |
_cLIBRO _2ddc |
||
| 999 |
_c647 _d647 |
||